[Event "TUR-ch U07/12"]
[Site "Antalya"]
[Date "2023.01.27"]
[Round "9"]
[White "Sitki, Muhammed Umud"]
[Black "Odabasi, Ruzgar"]
[Result "1/2-1/2"]
[WhiteElo "1099"]
[BlackElo "1673"]
[PlyCount "103"]
[EventDate "2023.01.17"]
[EventType "swiss"]
[EventRounds "10"]
[EventCountry "TUR"]
[SourceTitle "EXT 2024"]
[Source "ChessBase"]
[SourceDate "2023.10.10"]
[SourceVersion "1"]
[SourceVersionDate "2023.10.10"]
[SourceQuality "1"]

1. e4 c5 2. Nf3 g6 3. d4 Bg7 4. Nc3 cxd4 5. Nxd4 Nc6 6. Be3 Nf6 7. Bc4 0-0 8. Bb3 a5 9. f3 d5 10. Bxd5 Nxd5 11. exd5 Nb4 12. Nde2 Bf5 13. Rc1 b5 14. a3 Nxc2+ 15. Rxc2 Bxc2 16. Qxc2 b4 17. Na4 Qxd5 18. Nb6 Qe6 19. Kf2 Rab8 20. Nf4 Qa2 21. axb4 axb4 22. Qb1 Qxb1 23. Rxb1 Rfd8 24. Nfd5 Rb7 25. Rd1 Kf8 26. Ke2 b3 27. Nc4 e6 28. Bc5+ Ke8 29. Ndb6 Rxd1 30. Kxd1 Rc7 31. Bb4 Rc6 32. Nd6+ Kd8 33. Nbc4 Kd7 34. f4 Bd4 35. Ba3 f6 36. Ke2 e5 37. fxe5 fxe5 38. Kd3 Ke6 39. Ke4 Bc5 40. Nb7 Be7 41. Nba5 Rc7 42. Bxe7 Rxe7 43. Nxb3 Kf6 44. Nc5 Re8 45. Nd7+ Ke6 46. Ndxe5 Rb8 47. Nc6 Rc8 48. Nd4+ Ke7 49. Kd5 Rf8 50. b4 Rf2 51. b5 Rxg2 52. Kc6 1/2-1/2